[Event "Manizales Feria op 29th"]
[Site "Manizales"]
[Date "2024.01.07"]
[Round "5"]
[White "Cordoba Perez, Jeronimo"]
[Black "Cabrera, Carlos Eduardo"]
[Result "1-0"]
[WhiteElo "1933"]
[BlackElo "1725"]
[PlyCount "79"]
[EventDate "2024.01.05"]
[EventType "swiss"]
[EventRounds "7"]
[EventCountry "COL"]
[SourceTitle "CBM 218 Extra"]
[Source "ChessBase"]
[SourceDate "2024.03.31"]
[SourceVersion "1"]
[SourceVersionDate "2024.03.31"]
[SourceQuality "1"]

1. c4 e6 2. Nf3 d5 3. g3 Nf6 4. Bg2 c5 5. cxd5 exd5 6. d4 Nc6 7. 0-0 h6 8. b3 Be6 9. Bb2 Rc8 10. Nc3 Ne4 11. dxc5 Bxc5 12. Nxe4 dxe4 13. Ne5 Qxd1 14. Rfxd1 e3 15. Nxc6 exf2+ 16. Kf1 bxc6 17. Bxg7 Ke7 18. Bxh8 Rxh8 19. Rac1 Bb6 20. Rxc6 h5 21. Rxb6 axb6 22. h4 Rc8 23. Rd2 Rc1+ 24. Kxf2 Ra1 25. Bf3 Bg4 26. Bxg4 hxg4 27. Rd4 f5 28. Rb4 Rh1 29. Rxb6 Rh2+ 30. Kf1 f4 31. gxf4 g3 32. Rg6 Rf2+ 33. Ke1 Rxf4 34. Rxg3 Rxh4 35. Rd3 Rh1+ 36. Kd2 Ra1 37. a4 Ke6 38. Kc3 Ra2 39. Rd2 Ra3 40. Kb2 1-0

[Event "Manizales Castro Memorial"]
[Site "Manizales"]
[Date "2015.12.19"]
[Round "4"]
[White "Cabrera, Carlos Eduardo"]
[Black "Rodriguez, Jorge Ivan"]
[Result "0-1"]
[WhiteElo "1718"]
[BlackElo "1888"]
[PlyCount "84"]
[EventDate "2015.12.17"]
[EventType "swiss"]
[EventRounds "7"]
[EventCountry "COL"]
[SourceTitle "CBM 170 Extra"]
[Source "ChessBase"]
[SourceDate "2016.02.25"]
[SourceVersion "1"]
[SourceVersionDate "2016.02.25"]
[SourceQuality "1"]

1. c4 e5 2. d3 Nf6 3. Nf3 Nc6 4. g3 d5 5. cxd5 Nxd5 6. a3 Be6 7. Bg2 Be7 8. Nbd2 h6 9. 0-0 0-0 10. Nc4 Bf6 11. Qc2 Qd7 12. Rd1 Rab8 13. Rb1 Rfc8 14. b4 Nd4 15. Nxd4 exd4 16. Bb2 c5 17. bxc5 Rxc5 18. Qd2 b5 19. Ba1 Rbc8 20. Na5 Rc2 21. Qe1 Nc3 22. Bxc3 dxc3 23. Rbc1 Ra2 24. d4 Rxa3 25. d5 Bg4 26. Nc6 Qd6 27. f3 Bd7 28. Nd4 Bxd4+ 29. Rxd4 Qc5 30. e3 b4 31. Bf1 Qa5 32. Bc4 b3 33. Qe2 c2 34. Bxb3 Rxb3 35. Rxc2 Rxc2 36. Qxc2 Rxe3 37. Re4 Rxf3 38. Qe2 Ra3 39. Re8+ Bxe8 40. Qxe8+ Kh7 41. Qxf7 Qb6+ 42. Kg2 Ra2+ 0-1

[Event "Manizales Castro Memorial"]
[Site "Manizales"]
[Date "2015.12.19"]
[Round "5"]
[White "Florez, Santiago"]
[Black "Cabrera, Carlos Eduardo"]
[Result "0-1"]
[WhiteElo "1403"]
[BlackElo "1718"]
[PlyCount "88"]
[EventDate "2015.12.17"]
[EventType "swiss"]
[EventRounds "7"]
[EventCountry "COL"]
[SourceTitle "CBM 170 Extra"]
[Source "ChessBase"]
[SourceDate "2016.02.25"]
[SourceVersion "1"]
[SourceVersionDate "2016.02.25"]
[SourceQuality "1"]

1. c4 c5 2. Nc3 Nf6 3. d3 e6 4. Nf3 Nc6 5. g3 Be7 6. Bg2 0-0 7. 0-0 d5 8. cxd5 exd5 9. Bd2 a6 10. a4 Re8 11. Qb3 Na5 12. Qc2 Bf5 13. Qd1 c4 14. dxc4 dxc4 15. Bf4 Qb6 16. Ra2 Rad8 17. Qc1 Nb3 18. Qe3 Bc5 19. Nd5 Nxd5 20. Bc7 Bxe3 21. Bxb6 Bxb6 22. e3 Be4 23. Rd1 Nb4 24. Rxd8 Rxd8 25. Ng5 Rd1+ 26. Bf1 Bd3 27. Ra3 Bxf1 28. h4 h6 29. Nf3 Be2+ 30. Kg2 Bxf3+ 31. Kxf3 f5 32. a5 Bxa5 33. Ra4 g5 34. hxg5 hxg5 35. e4 Rd3+ 36. Kg2 fxe4 37. g4 Rd2 38. Kf1 b5 39. Ra3 Nd3 40. Kg1 Rxf2 41. Ra1 Nxa1 42. Kh1 e3 43. Kg1 e2 44. Kh1 e1R# 0-1

[Event "Manizales Castro Memorial"]
[Site "Manizales"]
[Date "2015.12.18"]
[Round "2"]
[White "Pacheco, Juan Diego"]
[Black "Cabrera, Carlos Eduardo"]
[Result "0-1"]
[WhiteElo "1561"]
[BlackElo "1718"]
[PlyCount "78"]
[EventDate "2015.12.17"]
[EventType "swiss"]
[EventRounds "7"]
[EventCountry "COL"]
[SourceTitle "CBM 170 Extra"]
[Source "ChessBase"]
[SourceDate "2016.02.25"]
[SourceVersion "1"]
[SourceVersionDate "2016.02.25"]
[SourceQuality "1"]

1. c4 c5 2. Nc3 Nf6 3. g3 g6 4. Bg2 Bg7 5. Nf3 Nc6 6. 0-0 0-0 7. d3 d5 8. cxd5 Nxd5 9. Bd2 a6 10. Qc1 Nd4 11. Nxd4 Nxc3 12. bxc3 cxd4 13. c4 Bg4 14. Re1 Qd7 15. Rb1 Rab8 16. Bh6 b5 17. Bxg7 Kxg7 18. cxb5 Rxb5 19. Rxb5 Qxb5 20. Qf4 Qb4 21. Rc1 Qb2 22. Re1 Be6 23. Qe5+ Kg8 24. Bd5 Qb5 25. e4 dxe3 26. Rxe3 Qxd5 27. Qxd5 Bxd5 28. Rxe7 Rb8 29. Kf1 Rb2 30. Re5 Bf3 31. Re3 Rb1+ 32. Re1 Rxe1+ 33. Kxe1 Bd5 34. a4 a5 35. Kd2 Bb3 36. Kc3 Bxa4 37. d4 Kf8 38. d5 Ke7 39. Kd4 Kd6 0-1

[Event "Manizales op 21st"]
[Site "Manizales"]
[Date "2009.01.10"]
[Round "4"]
[White "Cabrera, Carlos Eduardo"]
[Black "Vargas, Eduar Misael"]
[Result "0-1"]
[WhiteElo "1647"]
[BlackElo "1939"]
[PlyCount "78"]
[EventDate "2009.01.08"]
[EventType "swiss"]
[EventRounds "7"]
[EventCountry "COL"]
[SourceTitle "CBM 128 Extra"]
[Source "ChessBase"]
[SourceDate "2009.03.05"]
[SourceVersion "2"]
[SourceVersionDate "2009.03.25"]
[SourceQuality "1"]

1. e4 c5 2. Nf3 d6 3. c3 e5 4. d4 Nc6 5. d5 Nb8 6. Be3 f5 7. exf5 Bxf5 8. Nbd2 Be7 9. b4 e4 10. Ng1 Nf6 11. Bb5+ Nbd7 12. bxc5 dxc5 13. c4 0-0 14. f4 Ng4 15. Qb3 Bf6 16. 0-0-0 Nxe3 17. Qxe3 Bd4 18. Qa3 a6 19. Bxd7 Qxd7 20. h3 h5 21. Ne2 b5 22. Nxd4 cxd4 23. g4 hxg4 24. hxg4 Bxg4 25. Rdg1 e3 26. Ne4 bxc4 27. Qd6 Qxd6 28. Nxd6 Bf3 29. Rh3 Bxd5 30. Rhg3 Ra7 31. f5 Rd7 32. f6 Rxf6 33. Ne8 Rff7 34. Rg6 d3 35. Nf6+ Kf8 36. Nxd7+ Rxd7 37. Rf1+ Kg8 38. Rxa6 d2+ 39. Kc2 Be4+ 0-1

[Event "Manizales op 21st"]
[Site "Manizales"]
[Date "2009.01.08"]
[Round "1"]
[White "Ruiz Castillo, Joshua Daniel"]
[Black "Cabrera, Carlos Eduardo"]
[Result "0-1"]
[WhiteElo "2193"]
[BlackElo "1647"]
[PlyCount "46"]
[EventDate "2009.01.08"]
[EventType "swiss"]
[EventRounds "7"]
[EventCountry "COL"]
[SourceTitle "CBM 128 Extra"]
[Source "ChessBase"]
[SourceDate "2009.03.05"]
[SourceVersion "2"]
[SourceVersionDate "2009.03.25"]
[SourceQuality "1"]

1. e4 c5 2. Nf3 e6 3. Nc3 a6 4. d4 cxd4 5. Nxd4 Qc7 6. Be2 Nf6 7. Be3 Bb4 8. 0-0 Bxc3 9. bxc3 Nxe4 10. c4 Nc3 11. Qd2 Nxe2+ 12. Nxe2 Nc6 13. Bf4 e5 14. Bg3 0-0 15. f4 d6 16. Rfd1 Rd8 17. fxe5 dxe5 18. Bxe5 Qb6+ 19. Bd4 Nxd4 20. Nxd4 Be6 21. Rab1 Qc5 22. c3 Rac8 23. Rxb7 Bxc4 0-1

[Event "Cali op-D"]
[Site "Cali"]
[Date "2008.12.30"]
[Round "9"]
[White "Cabrera, Carlos Eduardo"]
[Black "Toro Henao, Juan Sebastian"]
[Result "1/2-1/2"]
[WhiteElo "1529"]
[BlackElo "1600"]
[PlyCount "261"]
[EventDate "2008.12.26"]
[EventType "swiss"]
[EventRounds "9"]
[EventCountry "COL"]
[SourceTitle "EXT 2011"]
[Source "ChessBase"]
[SourceDate "2010.11.26"]
[SourceVersion "1"]
[SourceVersionDate "2010.11.26"]
[SourceQuality "1"]

1. e4 d6 2. d4 g6 3. Nc3 Bg7 4. Be3 a6 5. Bc4 b5 6. Bb3 Bb7 7. Nge2 Nf6 8. f3 Nbd7 9. d5 c5 10. dxc6 Bxc6 11. Qd3 b4 12. Nd1 Ne5 13. Qd2 a5 14. a4 Bb7 15. 0-0 0-0 16. Nf2 e6 17. Nd3 Nc6 18. c3 bxc3 19. Nxc3 d5 20. exd5 exd5 21. Bc5 Re8 22. Nb5 Bf8 23. Bxf8 Kxf8 24. Nc5 Qb6 25. Rac1 Ne5 26. Kh1 Re7 27. Nxb7 Qxb7 28. Rfe1 Rae8 29. Qxa5 Nd3 30. Rxe7 Qxe7 31. Rf1 Qe2 32. Ra1 Qxb2 33. Qc3 Qxc3 34. Nxc3 Nc5 35. Bxd5 Nxd5 36. Nxd5 Nxa4 37. h4 Nc5 38. Nf6 Re7 39. Nxh7+ Kg7 40. Ng5 f6 41. Nh3 Ne6 42. Re1 Kf7 43. Kh2 Nd4 44. Ra1 Nf5 45. Ra4 Re2 46. Nf4 Re7 47. Kh3 Re1 48. Ra7+ Re7 49. Ra6 Rd7 50. g4 Nd4 51. Kg3 g5 52. hxg5 fxg5 53. Nh5 Ne6 54. Ra8 Rd3 55. Ra7+ Kg6 56. Re7 Nd4 57. Rg7+ Kh6 58. Rf7 Kg6 59. Rf6+ Kh7 60. Kf2 Rb3 61. Ng3 Kg7 62. Nh5+ Kh7 63. Ng3 Kg7 64. Ne4 Rb5 65. Rd6 Nb3 66. Rd7+ Kg6 67. Rd6+ Kg7 68. Ng3 Nc5 69. Nf5+ Kf7 70. Rh6 Nd3+ 71. Kg3 Re5 72. Rd6 Nf4 73. Rd7+ Kf6 74. Rd8 Re2 75. Rf8+ Kg6 76. Rg8+ Kf6 77. Nh4 Ne6 78. Ng2 Ra2 79. Rh8 Ra3 80. Rh6+ Kf7 81. Kf2 Nd4 82. Ne3 Ra2+ 83. Kg3 Ra3 84. Kf2 Ra2+ 85. Kg3 Ra3 86. Rh7+ Kg6 87. Rd7 Rxe3 88. Rxd4 Kf6 89. Rd6+ Kf7 90. Kf2 Rb3 91. Rd4 Ke6 92. Ke2 Ke5 93. Rd3 Rb2+ 94. Ke3 Rb1 95. Ra3 Re1+ 96. Kd2 Rb1 97. Ke3 Re1+ 98. Kf2 Rd1 99. Ra5+ Kf6 100. Ra6+ Kf7 101. Rh6 Rd3 102. Kg3 Ra3 103. Rh2 Ke6 104. Re2+ Kf6 105. Kg2 Rb3 106. Kf2 Ra3 107. Re3 Ra2+ 108. Kg3 Rb2 109. f4 gxf4+ 110. Kxf4 Rb4+ 111. Kg3 Kg5 112. Re5+ Kf6 113. Rf5+ Kg6 114. Kh4 Rb1 115. Rf3 Rh1+ 116. Rh3 Rxh3+ 117. Kxh3 Kg5 118. Kg3 Kg6 119. Kh4 Kh6 120. g5+ Kg6 121. Kg4 Kg7 122. Kf5 Kf7 123. g6+ Kg7 124. Kg5 Kg8 125. Kf5 Kg7 126. Kg5 Kg8 127. Kf4 Kg7 128. Kg5 Kg8 129. Kf6 Kf8 130. g7+ Kg8 131. Kg6 1/2-1/2

[Event "Cali op-D"]
[Site "Cali"]
[Date "2008.12.28"]
[Round "5"]
[White "Gonzalez, Andres Felipe"]
[Black "Cabrera, Carlos Eduardo"]
[Result "0-1"]
[WhiteElo "1635"]
[BlackElo "1529"]
[PlyCount "66"]
[EventDate "2008.12.26"]
[EventType "swiss"]
[EventRounds "9"]
[EventCountry "COL"]
[SourceTitle "EXT 2011"]
[Source "ChessBase"]
[SourceDate "2010.11.26"]
[SourceVersion "1"]
[SourceVersionDate "2010.11.26"]
[SourceQuality "1"]

1. e4 c5 2. Nf3 e6 3. d4 cxd4 4. Nxd4 a6 5. Nc3 Qc7 6. Bd3 Nf6 7. Be3 Bb4 8. Nde2 0-0 9. 0-0 Nc6 10. a3 Ba5 11. Bg5 Ng4 12. Ng3 Nge5 13. Bf4 d6 14. b4 Bb6 15. Nb1 Ng6 16. Qd2 Nxf4 17. Qxf4 e5 18. Qg5 h6 19. Qh4 Ne7 20. Nf5 Ng6 21. Qg3 Be6 22. Nd2 Bxf5 23. exf5 Nf4 24. Qg4 Nxd3 25. cxd3 Qc3 26. f6 g6 27. Nf3 Rad8 28. Nh4 Kh7 29. Qe4 d5 30. Qf3 Rd6 31. Kh1 Bd8 32. Rfc1 Qd4 33. Qe3 Qxh4 0-1

[Event "Cali op-D"]
[Site "Cali"]
[Date "2008.12.27"]
[Round "4"]
[White "Cabrera, Carlos Eduardo"]
[Black "Renteria, Manuela"]
[Result "1-0"]
[WhiteElo "1529"]
[BlackElo "1948"]
[PlyCount "65"]
[EventDate "2008.12.26"]
[EventType "swiss"]
[EventRounds "9"]
[EventCountry "COL"]
[SourceTitle "EXT 2011"]
[Source "ChessBase"]
[SourceDate "2010.11.26"]
[SourceVersion "1"]
[SourceVersionDate "2010.11.26"]
[SourceQuality "1"]

1. e4 e5 2. Nf3 d6 3. c3 Be7 4. d4 Nd7 5. Bd3 Ngf6 6. 0-0 0-0 7. Re1 c6 8. Nbd2 Nh5 9. Nc4 Qc7 10. Nfxe5 dxe5 11. Qxh5 exd4 12. cxd4 b5 13. Ne3 Bf6 14. Ng4 Re8 15. Nxf6+ Nxf6 16. Qh4 Bf5 17. Bf4 Qd7 18. exf5 Qxd4 19. Red1 Qxb2 20. Be3 a6 21. Bd4 Qa3 22. Bxf6 gxf6 23. Qxf6 Rad8 24. Qg5+ Kh8 25. f6 Rg8 26. Qf5 Rg6 27. Bc2 Rdg8 28. Qh5 Rxg2+ 29. Kh1 R2g6 30. Bxg6 Rxg6 31. Rd8+ Rg8 32. Rxg8+ Kxg8 33. Qg5+ 1-0